Vista normal
Vista MARC
Entrada Encabezamiento personal
Número de registros utilizados en: 1
001 - NÚMERO DE CONTROL
- campo de control: 5432
003 - IDENTIFICADOR DEL NÚMERO DE CONTROL
- campo de control: vecauma
005 - FECHA Y HORA DE LA ÚLTIMA TRANSACCIÓN
- campo de control: 20230127204011.0
008 - DATOS DE LONGITUD FIJA
- campo de control de longitud fija: 230127|| aca||aabn | a|a d
040 ## - FUENTE DE LA CATALOGACIÓN
- Centro catalogador/agencia de origen: vecauma
100 1# - ENCABEZAMIENTO-NOMBRE DE PERSONA
- Nombre de persona: Egaña, Fernando L.
400 1# - TRAZADO DE VÉASE--NOMBRE DE PERSONA
- Nombre personal: Egaña Benedetti, Fernando Luis
670 ## - FUENTE EN LA QUE SE LOCALIZARON DATOS
- Cita de la fuente: Análisis de la presencia, la ausencia y la intensidad de cinco rasgos de comunicación totalitaria durante 24 horas de transmisión del canal Venezolana de Televisión (VTV) durante el referéndum aprobatorio del 15 de febrero de 2009 en Venezuela, 2012
- Información localizada: portada (Fernando L. Egaña, tutor)
670 ## - FUENTE EN LA QUE SE LOCALIZARON DATOS
- Cita de la fuente: Base de datos Documanger, Biblioteca UMA, 2023
- Información localizada: (Fernando Luis Egaña Benedetti)
